UBT Library

The Norton anthology of drama / (Record no. 39097)

000 -LEADER
fixed length control field 00896cam a22002414a 4500
001 - CONTROL NUMBER
control field 15566441
005 - DATE AND TIME OF LATEST TRANSACTION
control field 20171218082233.0
008 - FIXED-LENGTH DATA ELEMENTS--GENERAL INFORMATION
fixed length control field 081223s2009 nyua b 001 0 eng
010 ## - LIBRARY OF CONGRESS CONTROL NUMBER
LC control number 2008054942
020 ## - INTERNATIONAL STANDARD BOOK NUMBER
International Standard Book Number 9780393932812 (pbk., v. 1)
020 ## - INTERNATIONAL STANDARD BOOK NUMBER
International Standard Book Number 9780393932829 (pbk., v. 2)
040 ## - CATALOGING SOURCE
Original cataloging agency DLC
Transcribing agency DLC
Modifying agency DLC
041 ## - LANGUAGE CODE
Language code of text/sound track or separate title eng
080 ## - UNIVERSAL DECIMAL CLASSIFICATION NUMBER
Universal Decimal Classification number 808.82
082 00 - DEWEY DECIMAL CLASSIFICATION NUMBER
Classification number 808.82 GAI
Edition number 22
100 ## - Rafti
Rafti 21
101 ## - Shkurtesa
Shkurtesa GJL
245 04 - TITLE STATEMENT
Title The Norton anthology of drama /
Statement of responsibility, etc J. Ellen Gainor, Stanton B. Garner, Jr., H. Martin Puchner.
504 ## - BIBLIOGRAPHY, ETC. NOTE
Bibliography, etc Includes bibliographical references and index.
906 ## - LOCAL DATA ELEMENT F, LDF (RLIN)
a 7
b cbc
c orignew
d 1
e ecip
f 20
g y-gencatlg
942 ## - ADDED ENTRY ELEMENTS (KOHA)
Source of classification or shelving scheme
Item type Books
Holdings
Withdrawn status Lost status Source of classification or shelving scheme Damaged status Not for loan Collection code Permanent location Current location Shelving location Date acquired Total Checkouts Full call number Barcode Date last seen Price effective from Koha item type
          Koleksioni i përgjithshem UBT - Lipjan UBT - Lipjan Koleksioni i lëndeve mesimore 12/18/2017   808.82 GAI 002-2939635 12/18/2017 12/18/2017 Books
UBT Library © 2015-2024. All rights reserved University Education for Business and Technology